000
00324 a2200133 4500
005
20250628051503.0
020
_a
0-582-84699-4
082
_a
006 PIL
100
_a
PILE, L
245
_a
Intelligent Business: Worldbook
260
_a
London
_b
PEARSON
_c
2006.
300
_a
96P.: ill.; figures, pictures
_c
28cm
942
_2
ddc
_c
BKS
999
_c
5793
_d
5793